000 01783nam0a2200337 4500
001 RU\NLR\bibl\1175352
005 20260405165603.0
010 _a5-201-15009-8
_9100
021 _aRU
_b2007-80693
_94344
035 _a(NLR Aleph) 001162011
090 _a1543514
_c1543514
100 _a20080114d2007 |||y0rusy50 ca
101 0 _arus
102 _aRU
105 _aa |||||||||
200 1 _aПроблемы и перспективы разработки компьютерной адекватной интеллектуальной среды для управления пилотируемыми космическими аппаратами
_fЕ.А. Микрин, С.А. Косяченко, С.В. Моисеев, [и др.]
_gРос. акад. наук, Ин-т проблем упр. им. В.А. Трапезникова
210 _aМосква
_cИнститут проблем управления
_d2007
215 _a55 с.
_cил.
_d21
320 _aБиблиогр.: с. 53-55 (17 назв.)
606 1 _aКосмические летательные аппараты
_xСАУ
_xПрограммное обеспечение
_92325357
_3RU\NLR\auth\661390924
606 1 _aКосмические летательные аппараты
_xБортовые вычислительные системы
_91323886
_3RU\NLR\auth\66234624
686 _aО62-057
701 1 _4070
_8rus
_7ca
_aМикрин
_bЕ. А.
_f1955-
_gЕвгений Анатольевич
_3RU\NLR\auth\7771484
_954412
701 1 _aМоисеев
_bС. В.
_4070
701 1 _aКосяченко
_bС. А.
_gСтанислав Анатольевич
_4070
801 0 _aRU
_bNLR
_c20080114
_gRCR
801 1 _aRU
_bNLR
_c20080114
830 _aпо ЭК
942 _cBOOK
980 _aNB